00575nam a22001817a 4500003000900000008004100009040007100050082002300121100003600144245004000180260001900220300002700239505003800266650002700304650001000331650001100341700004100352AR-CdUCM190328b ||||| |||| 00| 0 spa d aMUNICIPALIDAD PROVINCIAL DEL CUSCOcBIBLIOTECA MUNICIPAL DEL CUSCO aC / 985.613 /bU92 aCarrera Profesional de Historia aHistoria e Identidad :bMollepata / aCusco :c1994. a38 páginas ;c21 cm. aContenido: Historia de Mollepata. aHistoria de Mollepata  aCusco aUnsaac aFacultad de Ciencias Sociales Unsaac